Normal view MARC view
  • Ahsan Bin Ahmed (00000206998)

Entry Personal Name

Number of records used in: 1

001 - CONTROL NUMBER

  • control field: 116472

003 - CONTROL NUMBER IDENTIFIER

  • control field: NUST

005 - DATE AND TIME OF LATEST TRANSACTION

  • control field: 20230912165952.0

008 - FIXED-LENGTH DATA ELEMENTS

  • fixed length control field: 230912|| aca||aabn | a|a d

040 ## - CATALOGING SOURCE

  • Original cataloging agency: NUST
  • Transcribing agency: NUST

100 ## - HEADING--PERSONAL NAME

  • Personal name: Ahsan Bin Ahmed (00000206998)

670 ## - SOURCE DATA FOUND

  • Source citation: Work cat.: (NUST): Ahsan Bin Ahmed (00000206998), Transactive Energy : Design and utilization of microgrids and Virtual Power Plants in smart grid for sustainable and robust energy policy /, 2019
© 2023 Central Library, National University of Sciences and Technology. All Rights Reserved.